<?xml version="1.0" encoding="UTF-8"?><?xml-stylesheet type="text/xsl" href="static/style.xsl"?><OAI-PMH xmlns="http://www.openarchives.org/OAI/2.0/" xmlns:xsi="http://www.w3.org/2001/XMLSchema-instance" xsi:schemaLocation="http://www.openarchives.org/OAI/2.0/ http://www.openarchives.org/OAI/2.0/OAI-PMH.xsd"><responseDate>2026-06-03T05:28:06Z</responseDate><request verb="GetRecord" identifier="oai:riuma.uma.es:10630/10408" metadataPrefix="marc">https://riuma.uma.es/rest/oai/request</request><GetRecord><record><header><identifier>oai:riuma.uma.es:10630/10408</identifier><datestamp>2026-02-03T11:56:43Z</datestamp><setSpec>com_10630_2254</setSpec><setSpec>col_10630_37959</setSpec></header><metadata><record xmlns="http://www.loc.gov/MARC21/slim" xmlns:dcterms="http://purl.org/dc/terms/" xmlns:doc="http://www.lyncode.com/xoai" xmlns:xsi="http://www.w3.org/2001/XMLSchema-instance" xsi:schemaLocation="http://www.loc.gov/MARC21/slim http://www.loc.gov/standards/marcxml/schema/MARC21slim.xsd">
   <leader>00925njm 22002777a 4500</leader>
   <datafield ind2=" " ind1=" " tag="042">
      <subfield code="a">dc</subfield>
   </datafield>
   <datafield ind2=" " ind1=" " tag="720">
      <subfield code="a">Ron-Angevin, Ricardo</subfield>
      <subfield code="e">author</subfield>
   </datafield>
   <datafield ind2=" " ind1=" " tag="720">
      <subfield code="a">Debeyre, Aurélie</subfield>
      <subfield code="e">author</subfield>
   </datafield>
   <datafield ind2=" " ind1=" " tag="720">
      <subfield code="a">Marquet, Yvan</subfield>
      <subfield code="e">author</subfield>
   </datafield>
   <datafield ind2=" " ind1=" " tag="720">
      <subfield code="a">Lespinet-Najib, Véronique</subfield>
      <subfield code="e">author</subfield>
   </datafield>
   <datafield ind2=" " ind1=" " tag="720">
      <subfield code="a">André, Jean-Marc</subfield>
      <subfield code="e">author</subfield>
   </datafield>
   <datafield ind2=" " ind1=" " tag="260">
      <subfield code="c">2015-10-02</subfield>
   </datafield>
   <datafield ind2=" " ind1=" " tag="520">
      <subfield code="a">A Brain-Computer Interface (BCI) is a system that enables communication and control that is not based on muscular movements, but on brain activity. Some of these systems are based on discrimination of different mental tasks; usually they match the number of mental tasks to the number of control commands. Previous research at the University of Málaga (UMA-BCI) have proposed a BCI system to freely control an external device, letting the subjects choose among several navigation commands using only one active mental task (versus any other mental activity). Although the navigation paradigm proposed in this system has been proved useful for continuous movements, if the user wants to move medium or large distances, he/she needs to keep the effort of the MI task in order to keep the command. In this way, the aim of this work was to test a navigation paradigm based on the brain-switch mode for ‘forward’ command. In this mode, the subjects used the mental task to switch their state on /off: they stopped if they were moving forward and vice versa. Initially, twelve healthy and untrained subjects participated in this study, but due to a lack of control in previous session, only four subjects participated in the experiment, in which they had to control a virtual robot using two paradigms: one based on continuous mode and another based on switch mode. Preliminary results show that both paradigms can be used to navigate through virtual environments, although with the first one the times needed to complete a path were notably lower.</subfield>
   </datafield>
   <datafield ind1="8" ind2=" " tag="024">
      <subfield code="a">http://hdl.handle.net/10630/10408</subfield>
   </datafield>
   <datafield tag="653" ind2=" " ind1=" ">
      <subfield code="a">Interfaces de ordenadores</subfield>
   </datafield>
   <datafield tag="653" ind2=" " ind1=" ">
      <subfield code="a">Interacción hombre-ordenador</subfield>
   </datafield>
   <datafield ind2="0" ind1="0" tag="245">
      <subfield code="a">Brain-Computer Interface: comparison of two control modes to drive a virtual robot</subfield>
   </datafield>
</record>
</metadata></record></GetRecord></OAI-PMH>